Catálogo
 En Linea

Democracia, desarrollo y paz en Centroamérica : (Registro nro. 43433)

Detalles MARC
000 -CABECERA
campo de control de longitud fija 00633nam a2200181 a 4500
001 - NÚMERO DE CONTROL
campo de control 000043944
005 - FECHA Y HORA DE LA ÚLTIMA TRANSACCIÓN
campo de control 20201002045046.0
008 - DATOS DE LONGITUD FIJA--INFORMACIÓN GENERAL
campo de control de longitud fija 140509s1989 ho 000 0 spa d
040 ## - FUENTE DE LA CATALOGACIÓN
Centro catalogador/agencia de origen DO-SdBNP
Lengua de catalogación spa
Centro/agencia transcriptor BNPHU
082 ## - NÚMERO DE LA CLASIFICACIÓN DECIMAL DEWEY
Número de clasificación xxxx
Número de documento/Ítem xxxx
100 1# - ENTRADA PRINCIPAL--NOMBRE DE PERSONA
Nombre de persona Herrera Cáceres, H. Roberto
9 (RLIN) 71882
245 10 - MENCIÓN DE TÍTULO
Título Democracia, desarrollo y paz en Centroamérica :
Resto del título (las cumbres presidenciales) /
Mención de responsabilidad, etc. H. Roberto Herrera Cáceres.
260 ## - PUBLICACIÓN, DISTRIBUCIÓN, ETC.
Lugar de publicación, distribución, etc. Tegucigalpa, Honduras :
Nombre del editor, distribuidor, etc. Guaymuras,
Fecha de publicación, distribución, etc. 1989.
300 ## - DESCRIPCIÓN FÍSICA
Extensión 86 p. ;
Dimensiones 21 cm.
490 1# - MENCIÓN DE SERIE
Mención de serie Códices
500 ## - NOTA GENERAL
Nota general Incluye referencias bibliográficas y notas al pie de las páginas
830 #0 - PUNTO DE ACCESO ADICIONAL DE SERIE-TÍTULO UNIFORME
Título uniforme Códices
9 (RLIN) 71883
Existencias
Estado de retiro Estado de pérdida Restricciones de uso No para préstamo Código de colección Localización permanente Ubicación/localización actual Ubicación en estantería Fecha de adquisición Número de inventario Total de préstamos Signatura topográfica completa Código de barras Fecha visto por última vez Precio válido a partir de Tipo de ítem Koha
      Excluido de préstamo Monografías: Libros y Folletos General General En catalogación 09.05.2014 LF1   xxxx xxxx 43944-10 25.06.2020 25.06.2020 No se presta

Con tecnología Koha